Políticas y reformas de la seguridad social en América Latina /
Shranjeno v:
| Glavni avtor: | |
|---|---|
| Korporativna značnica: | |
| Format: | Texto |
| Jezik: | Spanish |
| Izdano: |
Managua:
Foro Democrático
|
| Teme: | |
| Oznake: |
Označite
Brez oznak, prvi označite!
|
MARC
| LEADER | 00000 a a2200000 04500 | ||
|---|---|---|---|
| 001 | 37479 | ||
| 003 | cru IIS | ||
| 005 | 20230509092202.0 | ||
| 008 | 230509b |||||||| |||| 00| 0 spa d | ||
| 040 | |c CRAI/IIS | ||
| 090 | |a 0002 P961p | ||
| 100 | 1 | |9 8183 |a Mesa-Lago, Carmelo | |
| 110 | |a Foro Democrático | ||
| 245 | |a Políticas y reformas de la seguridad social en América Latina / |c Carmelo Mesa-Lago | ||
| 260 | |a Managua: |b Foro Democrático | ||
| 300 | |a 146-265p. | ||
| 650 | |a SEGURIDAD SOCIAL | ||
| 651 | 0 | |9 17 |a AMERICA LATINA | |
| 942 | |2 ddc |c LI | ||
| 999 | |c 12680 |d 12680 | ||
| 773 | 0 | |0 3495 |9 8817 |a Foro Democrático |d Managua: Foro Democrático 2000 |o 04534 |t La privatización que sangra / |w (cru CIDCACS/IIS)37476 | |
